|
|
|
|
| LEADER |
01340nam a22003374a 4500 |
| 001 |
5289 |
| 003 |
BD-DhAAL |
| 005 |
20190217102524.0 |
| 008 |
150920r20052004enka ob 001 0 eng d |
| 999 |
|
|
|c 35617
|d 35617
|
| 020 |
|
|
|a 0091894794
|
| 020 |
|
|
|a 9780195300741 (hbk. : alk. paper)
|
| 020 |
|
|
|a 0195300742 (hbk. : alk. paper)
|
| 020 |
|
|
|a 9780195300758 (pbk. : alk. paper)
|
| 020 |
|
|
|a 0195300750 (pbk. : alk. paper)
|
| 040 |
|
|
|a CaPaEBR
|c CaPaEBR
|d WaSeSS
|d BD-DhAAL
|
| 050 |
1 |
4 |
|a PN4129.15
|b .A85 2005eb
|
| 050 |
0 |
0 |
|a PN4129.15
|b .A85 2005
|
| 082 |
0 |
4 |
|a 808.51
|2 22
|
| 100 |
1 |
|
|a Atkinson, J. Maxwell
|q (John Maxwell)
|9 14888
|
| 245 |
1 |
0 |
|a Lend me your ears :
|b all you need to know about making speeches and presentations /
|c Max Atkinson.
|
| 260 |
|
|
|a Oxford ;
|a New York ;
|a London ;
|b Oxford University Press,
|b Vermilion,
|c 2004.
|
| 300 |
|
|
|a 376 pages ;
|c 22 cm.
|
| 500 |
|
|
|a Originally published: London : Vermilion, 2004.
|
| 504 |
|
|
|a Includes bibliographical references and index.
|
| 506 |
|
|
|a License restrictions may limit access.
|
| 541 |
|
|
|e 5289
|
| 650 |
|
0 |
|a Public speaking.
|9 14889
|
| 650 |
|
7 |
|a Public speaking
|2 fast
|9 14889
|
| 942 |
|
|
|2 ddc
|c BK
|
| 952 |
|
|
|0 0
|1 0
|2 ddc
|4 0
|6 808_500000000000000_1_ATK
|7 0
|9 56003
|a SCL
|b SCL
|c GEN
|d 2015-09-20
|g 923.00
|l 5
|m 22
|o 808.51 ATK
|p 3020005289
|r 2023-08-26
|s 2023-06-18
|t 1
|w 2015-09-20
|y BK
|